Normal view MARC view
  • Literatura mexicana

Entry Materia

Number of records used in: 50

001 - NÚMERO DE CONTROL DEL REGISTRO

  • campo de control: 17492

003 - IDENTIFICADOR DE NUMERO DE CONTROL

  • campo de control: MX-MxUPN

005 - FECHA Y HORA DE LA ÚLTIMA TRANSACCIÓN

  • campo de control: 20250902114846.0

008 - DATOS DE LONGITUD FIJA

  • campo de control de longitud fija: 220607nn fcnnnbabn n ana d

035 ## - NÚMERO DE CONTROL DEL SISTEMA

  • Número de control del sistema: UPN10000017500

040 ## - FUENTE DE LA CATALOGACIÓN

  • Centro catalogador de origen: MX-MxUPN
  • Lengua de catalogación: spa
  • Agencia de transcripción: MX-MxUPN

150 ## - ENCABEZAMIENTO - TEMÁTICO

  • Término de materia o nombre geográfico como elemento inicial: Literatura mexicana
  • Subdivisión cronológica: Siglo XXI

670 ## - FUENTE EN LA QUE SE LOCALIZARON DATOS

  • Cita de la fuente: E
  • Información localizada: Literatura mexicana - Siglo XX

902 ## - CATALOGADOR

  • Catalogador: EMR/150211